Online
Catalog

Larousse 2000 : (Record no. 57388)

MARC details
000 -CABECERA
campo de control de longitud fija 03165nam a2200337 i 4500
003 - IDENTIFICADOR DEL NÚMERO DE CONTROL
campo de control DO-SdBNP
005 - FECHA Y HORA DE LA ÚLTIMA TRANSACCIÓN
campo de control 20240820090407.0
007 - CAMPO FIJO DE DESCRIPCIÓN FÍSICA--INFORMACIÓN GENERAL
campo de control de longitud fija ta
008 - DATOS DE LONGITUD FIJA--INFORMACIÓN GENERAL
campo de control de longitud fija 240807s2002 sp abc e 000 0 spa d
020 ## - NÚMERO INTERNACIONAL ESTÁNDAR DEL LIBRO
Número Internacional Estándar del Libro 8489898502 (colección completa)
020 ## - NÚMERO INTERNACIONAL ESTÁNDAR DEL LIBRO
Número Internacional Estándar del Libro 8489898715 (actualización 2002)
040 ## - FUENTE DE LA CATALOGACIÓN
Centro catalogador/agencia de origen DO-SdBNP
Lengua de catalogación spa
Centro/agencia transcriptor BNPHU
Normas de descripción rda
082 #4 - NÚMERO DE LA CLASIFICACIÓN DECIMAL DEWEY
Número de clasificación 036.1
Número de documento/Ítem L332 2002
Número de edición 22
245 00 - MENCIÓN DE TÍTULO
Título Larousse 2000 :
Resto del título actualización 2002 /
Mención de responsabilidad, etc. dirección Núria Lucena Cayuela ; edición Jordi Induráin Pons, Emili López Tossas ; redacción Cristina Ruiz Vegas, Fina Oliu Cucó.
264 #4 - PRODUCCIÓN, PUBLICACIÓN, DISTRIBUCIÓN, FABRICACIÓN Y COPYRIGHT
Producción, publicación, distribución, fabricación y copyright Barcelona, España :
Nombre del de productor, editor, distribuidor, fabricante Planeta,
-- Temáticos Larousse,
Fecha de producción, publicación, distribución, fabricación o copyright ©2002.
300 ## - DESCRIPCIÓN FÍSICA
Extensión 344 páginas :
Otras características físicas ilustraciones, mapas, retratos ;
Dimensiones 30 cm.
336 ## - TIPO DE CONTENIDO
Fuente rdacontent
Término de tipo de contenido texto
Código de tipo de contenido txt
337 ## - TIPO DE MEDIO
Fuente rdamedia
Nombre/término del tipo de medio sin mediación
Código del tipo de medio n
338 ## - TIPO DE SOPORTE
Fuente rdacarrier
Nombre/término del tipo de soporte volumen
Código del tipo de soporte nc
500 ## - NOTA GENERAL
Nota general Incluye índice onomástico.
505 0# - NOTA DE CONTENIDO CON FORMATO
Título Preliminares --
-- Imágenes del año --
Información miscelánea Panorama Internacional --
Título Internacional: resumen del año. --
-- La administración Bush antes y después del 11 de septiembre. --
-- Las dificultosas relaciones entre occidente e islam. --
-- Argentina; crisis política y deuda pública. --
-- La mundialización contra el estado. --
-- Italia y Berlusconi; una segunda oportunidad. --
-- Milosevic, el tirano que no hay que olvidar. --
-- La difícil tarea de Alejandro Toledo. --
-- Pinochet, Videla y la operación Cóndor. --
Información miscelánea España --
Título El año político --
-- La evolución económica --
-- El agua dulce, una penuria anunciada --
-- Elecciones autonómicas en el país Vasco y Galicia --
-- Los problemas de la sanidad española en 2001 --
Información miscelánea Economía --
Título Alaridos de dolor --
-- Las multinacionales y la cuestión laboral --
Información miscelánea Cultura --
Título Panorama literario --
-- El mundo del arte --
-- Música --
-- Teatro y danza --
-- El cine en el mundo en 2001-
Información miscelánea Sociedad --
Título Alimentación bajo sospecha --
Información miscelánea Ciencia y técnica --
Título Explotación del espacio --
-- Clonación: luces y sombras --
-- El futuro de la telefonía móvil --
Información miscelánea Medio ambiente --
Título El ámbito urbano y el tratamiento de residuos --
Información miscelánea Deportes --
Título Un año de estrellas sin límites --
-- Campeonato del mundo de atletismo Edmonton 2001 --
Información miscelánea Personajes del año --
Título Protagonistas --
-- Obituario --
Información miscelánea Efemérides --
Título El año Verdi --
-- 400 aniversario de Baltasar Gracián --
-- Centenario de la muerte de Leopoldo Alas, Clarín --
-- Centenario del premio Nobel --
-- Centenario del nacimiento de Ramón J. Sender --
-- 25 años de El país --
-- Otras conmemoraciones --
Información miscelánea Premios --
Título Arte --
-- Artes escénicas --
-- Cine --
-- Literatura --
-- Música --
-- Nacionales --
-- Nobel --
-- Ondas --
-- Príncipe de Asturias --
-- Estadísticas --
-- Países del mundo --
-- Suplemento enciclopédico --
-- Índice onomástico
590 ## - NOTA LOCAL (RLIN)
Nota local Inventariado, 2024/ YL
650 #4 - PUNTO DE ACCESO ADICIONAL DE MATERIA--TÉRMINO DE MATERIA
Término de materia o nombre geográfico como elemento de entrada Diccionario Enciclópedico
9 (RLIN) 86131
700 1# - PUNTO DE ACCESO ADICIONAL--NOMBRE DE PERSONA
Nombre de persona Lucena Cayuela, Núria
Término indicativo de función/relación dirección
9 (RLIN) 86242
700 1# - PUNTO DE ACCESO ADICIONAL--NOMBRE DE PERSONA
Nombre de persona Induráin Pons, Jordi
Término indicativo de función/relación edición
9 (RLIN) 86243
700 1# - PUNTO DE ACCESO ADICIONAL--NOMBRE DE PERSONA
Nombre de persona López Tossas, Emili
Término indicativo de función/relación edición
9 (RLIN) 86244
700 1# - PUNTO DE ACCESO ADICIONAL--NOMBRE DE PERSONA
Nombre de persona Ruiz Vegas, Cristina
Término indicativo de función/relación redacción
9 (RLIN) 86245
700 1# - PUNTO DE ACCESO ADICIONAL--NOMBRE DE PERSONA
Nombre de persona Oliu Cucó, Fina
Término indicativo de función/relación redacción
9 (RLIN) 86247
910 ## - DATOS DE OPCIÓN DEL USUARIO (OCLC)
Datos de opción del usuario YLockward. Validado control de calidad/MAA
942 ## - ELEMENTOS DE PUNTO DE ACCESO ADICIONAL (KOHA)
Fuente del sistema de clasificación o colocación Dewey Decimal Classification
Tipo de ítem Koha Libro
Holdings
Estado de retiro Estado de pérdida Fuente del sistema de clasificación o colocación Restricciones de uso No para préstamo Código de colección Localización permanente Ubicación/localización actual Ubicación en estantería Fecha de adquisición Total de préstamos Signatura topográfica completa Código de barras Fecha visto por última vez Precio válido a partir de Tipo de ítem Koha
    Dewey Decimal Classification Préstamo en sala   Referencia General Biblioteca Nacional Pedro Henríquez Ureña Biblioteca Nacional Pedro Henríquez Ureña Depósito 07.08.2024   BNPHU R-GR 036.1 L332 2002 2024-4710 07.08.2024 07.08.2024 Libro

Powered by Koha